000
00295pam a2200133 a 4500
020
_c
041
_h
082
_a
658
_b
BON
100
_a
Bono, E.D.
245
_a
Atlas Of Management Thinking
_h
Textual Documents
260
_a
Pune
_b
Penguin Books Limited
300
_a
200/PB
930
_a
6356
999
_c
113184
_d
113184